Direito e desenvolvimento : (Record no. 1282)

MARC details
000 -LÍDER
Campo Fixo de Controle 00912nam a2200265 a 4500
001 - NÚMERO DE CONTROLE
Campo de Controle 1282
003 - IDENTIFICAÇÃO DO NÚMERO DE CONTROLE
Campo de Controle BR-CuiBMT
005 - DATA E HORA DA ÚLTIMA ATUALIZAÇÃO
Campo de Controle 20231207222939.0
008 - DADOS FIXOS
Dados Fixos 231204s2014 dtb 000 0 por d
020 ## - INTERNATIONAL STANDARD BOOK NUMBER
Nº do ISBN 9788582960080
040 ## - AGÊNCIA CATALOGADORA
Código da Agência Catalogadora BR-CuiBMT
Agência que transcreveu o registro BR-CuiBMT
080 ## - Nº DA CLASSIFICAÇÃO DECIMAL UNIVERSAL
Nº edição CDU 2007
Nº Class. CDU 342.56
090 ## - NÚMERO DE CHAMADA
Nº classificação 342.56
Cutter C824d
100 1# - ENTRADA PRINCIPAL -- AUTOR PESSOAL
Nome pessoal Corrêa, Priscilla Pereira Costa
245 10 - TÍTULO PRINCIPAL
Título principal Direito e desenvolvimento :
Subtítulo aspectos relevantes do judiciário brasileiro sob a ótica econômica /
Indicação de responsabilidade Priscilla Pereira Costa Corrêa.
260 ## - PUBLICAÇÃO, DISTRIBUIÇÃO, ETC.
Local de publicação Brasília :
Editora Conselho da Justiça Federal,
-- Centro de Estudos Judiciários,
Data 2014.
300 ## - DESCRIÇÃO FÍSICA
N. páginas ou volumes 159 p. ;
Dimensões 21 cm
490 1# - INDICAÇÃO DE SÉRIE
Título da série Série monografias do CEJ ;
Volume/designação sequencial da série v. 18
504 ## - NOTA DE BIBLIOGRAFIA, ETC.
Nota de bibliografia Inclui bibliografia.
650 ## - ASSUNTO TÓPICO
Cabeçalho tópico ou nome geográfico Poder judiciário
650 ## - ASSUNTO TÓPICO
Cabeçalho tópico ou nome geográfico Organização judiciária
650 ## - ASSUNTO TÓPICO
Cabeçalho tópico ou nome geográfico Desenvolvimento econômico
830 #0 - ENTRADA SECUNDÁRIA DE SÉRIE -- TÍTULO UNIFORME
Título uniforme Série monografias do CEJ ;
Nº do volume/designação sequencial da série 18
942 ## - ELEMENTOS DE ENTRADA ADICIONAIS (KOHA)
Fonte de classificação ou esquema de arquivamento Classificação Decimal Universal
Tipo de item do Koha Livros
Holdings
Estado: removido Estado: perdido Fonte de classificação ou esquema de arquivamento Estado: danificado Indisponível para empréstimo Localização permanente Localização atual Data de aquisição Total Checkouts Número de Chamada completo Código de barras Date last seen Número do exemplar Preço efetivo a partir de Tipo de item (Koha)
    Classificação Decimal Universal     Biblioteca da Escola Superior de Contas do TCE/MT Biblioteca da Escola Superior de Contas do TCE/MT 04/12/2023   342.56 C824d BIBTCEMT23120106 04/12/2023 Ex. 1 04/12/2023 Livros

Powered by Koha